| 000 | 00000nas##2200000za#4500 |
| 001 | 9.501427 |
| 003 | CaOODSP |
| 005 | 20200909102103 |
| 007 | cr ||||||||||| |
| 008 | 150406c1993||||xxc|| m o||||f| |0fre|d |
| 040 | |aCaOODSP|bfre |
| 043 | |an-cn--- |
| 086 | 1 |aCS75-0002-2F-PDF |
| 245 | 00|aSérie de documents de recherche de l'EDTR |h[ressource électronique] |
| 260 | |aOttawa - Ontario : |bStatistique Canada. |c1992 -- 1996. |
| 310 | |aHors série |
| 362 | 1 |a1992, n° 1 -- 1996, n° 12 |
| 691 | 07|aEnquête|2gcpds |
| 691 | 07|aRevenu|2gcpds |
| 691 | 07|aTravail|2gcpds |
| 710 | 2 |aStatistique Canada.|bDivision de la statistique du revenu. |
| 775 | 08|tSLID research paper series |w(CaOODSP)9.505027 |